| 000 | 00744nam a2200157 a 4500 | ||
|---|---|---|---|
| 001 | 000037879 | ||
| 005 | 20201002031130.0 | ||
| 008 | 130307s2012 dr 000 0 spa d | ||
| 020 | _a9789993444923 | ||
| 040 |
_aDO-SdBNP _bspa _cBNPHU |
||
| 100 | 1 |
_aRodríguez Echavarría, Freddy A. _964323 |
|
| 245 | 1 | 0 |
_aBarack Obama : _buna gestión pública positiva, económica, bienestar social y otros temas, / _cFreddy A. Rodríguez Echavarría. |
| 260 |
_aSanto Domingo : _bFundación Dominicana de Estudios Económicos, Sociales y comunicacionales, _c2012. |
||
| 300 |
_a104 p. ; _c24 cm. |
||
| 500 | _aIdeas y conceptualizaciones que necesita para conocer a profundicad del presidente Barack Obam, desde el punto de vista económico, político y social | ||
| 999 |
_c37369 _d37369 |
||